000 00627cam a2200217 4500500
005 20260222000716.0
041 _afre
042 _adc
100 1 0 _aChartoire, Renaud
_eauthor
245 0 0 _aInstaurer le revenu universel
260 _c2017.
500 _a39
690 _aallocation universelle
690 _abénévolat
690 _aéconomie
690 _aemploi
690 _arevenu universel
690 _atravail
786 0 _nSciences Humaines | 288 | 1 | 2017-01-01 | p. 25-25 | 0996-6994
856 4 1 _uhttps://shs.cairn.info/magazine-sciences-humaines-2017-1-page-25?lang=fr&redirect-ssocas=7080
999 _c1663146
_d1663146